000 00498nam a22001937a 4500
003 Ost
005 20250227152418.0
008 250227b |||||||| |||| 00| 0 eng d
020 _a9783030351120
040 _cBT-PhCST
050 _a25158-25160
082 _222
_a548
_bHOF
100 _aHoffmann, Frank
245 _aIntroduction to Crystallography /
260 _aSwitzerland :
_bSpringer,
_cc2016.
300 _ax, 309 p. :
_bill. ;
_c24 cm.
500 _aincludes index
942 _2ddc
_cGEOLOGY
999 _c9894
_d9894